Animales mitológicos en escudos de fútbol - Estadísticas

Estadísticas generales
  • Esta prueba ha sido intentada 58 veces
  • La puntuación promedio es 5 de 10
Estadísticas de respuestas
Imagen Respuesta % Correcto
Dragón
98%
Dragón
98%
Unicornio
89%
Ave fénix
76%
Grifo
56%
Grifo
56%
Águila bicéfala
29%
León alado
7%
Liver bird
5%
Yatagarasu
2%
No se encontraron pruebas coincidentes
Distribución de puntuación
Porcentaje de gente con cada puntuación
Porcentaje por número respondido
Historial de tus puntuaciones
No has intentado esta prueba.